| 000 | 00931nam a22002297a 4500 | ||
|---|---|---|---|
| 003 | DO-SdBNP | ||
| 005 | 20240305140748.0 | ||
| 007 | ta | ||
| 008 | 220818b |||||||| |||| 00| 0 eng d | ||
| 040 |
_aDO-SdBNP _bspa _cBNPHU |
||
| 082 | 4 |
_222 _a282 _bR788a |
|
| 100 | 1 | 1 |
_a Rosa y Carpio, Ramón Benito de la, _d1939- _eMons. _974159 |
| 111 |
_aCongreso mundial de pastoral del turismo Bangkok _n(6to : _d2004 : 5-8 julio _cTailandia) _jPostificio consejo para la pastoral de los emigrantes e intinerantes _982196 |
||
| 245 | 1 | 0 |
_aLa acogida : _bmisión evangelízadora / _cRamón Benito de la Rosa y Carpio |
| 260 |
_aSanto Domingo : _bAmigo del hogar, _c2005. |
||
| 300 |
_a32 p. : _c21 cm |
||
| 590 | _aInventariado,2022 / SA | ||
| 650 |
_aCristianismo _xCongreso _982197 _vMigrantes _vItinerantes _zTailandia |
||
| 650 |
_aEvangelización _xCongreso _xIglesia católica _982198 |
||
| 650 | 0 |
_937020 _aCongreso |
|
| 942 |
_2ddc _cLBS1 |
||
| 999 |
_c52291 _d52291 |
||